All Time Austrian Bundesliga Table - Statistics

General Stats
  • This quiz has been taken 61 times
  • The average score is 12 of 30
Answer Stats
Points Club % Correct
5.983 Rapid Wien
100%
3.334 Red Bull Salzburg
98%
5.606 Austria Wien
95%
3.254 Sturm Graz
93%
2.406 LASK
77%
634 Wolfsberger AC
70%
2.150 Grazer AK
64%
850 Austria Klagenfurt
63%
2.405 Wacker Innsbruck
54%
361 SKN St. Pölten
50%
1.011 SV Ried
50%
3.618 Admira Wacker Mödling
48%
1.047 Blau-Weiß Linz
46%
545 SC Altach
46%
613 SV Mattersburg
41%
441 SC Wiener Neustadt
38%
2.541 First Vienna
36%
1.009 Floridsdorfer AC
30%
349 WSG Tirol
29%
414 Kapfenberger SV
27%
410 Schwarz-Weiß Bregenz
23%
2.680 Wiener Sport-Club
21%
410 SC Eisenstadt
16%
395 Hakoah Wien
9%
1.131 Wiener AC
9%
952 1. Simmeringer SC
5%
391 Wiener AF
4%
739 FC Wien
2%
1.661 SC Wacker Wien
2%
356 SpC Rudolfshügel
0%
No matching quizzes found
Score Distribution
Percent of People with Each Score
Percentile by Number Answered
Your Score History
You have not taken this quiz